| 000 | 00456nam a2200193Ia 4500 | ||
|---|---|---|---|
| 008 | 170918s9999 xx 000 0 und d | ||
| 020 | _a590444085 | ||
| 050 | _bG441 1990 | ||
| 100 | _aGibbons, Gail | ||
| 245 | _aWeather words and what they mean / | ||
| 245 | _cGail Gibbons. | ||
| 260 | _aNew York : | ||
| 260 | _bScholastic, | ||
| 260 | _c1990 | ||
| 300 | _aunpaged : | ||
| 300 | _bcolored illustration ; | ||
| 300 | _c20cm. | ||
| 500 | _a450 | ||
| 999 |
_c341352 _d341352 |
||